| 000 | 01018nam a22003377a 4500 | ||
|---|---|---|---|
| 001 | BR0700327 | ||
| 003 | BR-BrBNA | ||
| 005 | 20230928102325.0 | ||
| 007 | ta | ||
| 008 | 230509b bl.||||| |||| 00| 0 por d | ||
| 040 |
_aBR-BrBNA _bpor _cBiblioteca Nacional de Agricultura |
||
| 041 | _a(Por) | ||
| 072 |
_aF02 _b2790 |
||
| 090 | _ 2790 BR0700327 | ||
| 100 | 1 | _aNicioli, P.M. | |
| 110 | 1 |
_aUniversidade Federal de Lavras, MG (Brasil) _0Tese (Mestrado) |
|
| 245 | 1 | _aMicropropagação e aspectos fitoquímicos de calos de barbatimão [Stryphnodendron adstringens (Mart.)Coville]- Fabaceae | |
| 260 | 3 |
_aLavras, MG (Brasil): _c2006. |
|
| 300 | _a89 p. | ||
| 500 | _aSummaries (Eng, Por); Several bibliography; 11 illus.; 13 tables | ||
| 650 | _aBARBATIMÃO | ||
| 650 | _aMICROPROPAGAÇÃO | ||
| 650 | _aCALO | ||
| 650 | _aGERMINAÇÃO | ||
| 650 | _aACLIMATAÇÃO | ||
| 650 | _aPH | ||
| 650 | _aORGANOGÊNESE | ||
| 650 | _aCULTURA IN VITRO | ||
| 909 |
_a202309 _bLucia _c55 _dLucia Elande |
||
| 942 | _cBK | ||
| 999 |
_c70186 _d70186 |
||